Normale Ansicht MARC-Ansicht ISBD

Gleichheit und Ungleichheit in der Ehe : (Titelsatznr. 15651)

[ MARC ]
MARC-Details
000 -Satzkennung
Kontrollfeld mit fester Länge 00763nam a22002411c 4500
001 - Kontrollnummer
Kontrollfeld 358055601
008 - Feld mit fester Länge zur physischen Beschreibung - Allgemeine Angaben
Kontrollfeld mit fester Länge 080430s2003 gw |||| 000u ger d
020 ## - Internationale Standardbuchnummer
Internationale Standardbuchnummer 3412173029
Verknüpfung 3-412-17302-9
041 ## - Sprachcode
Sprachcode des Textes/der Tonspur oder des separaten Titels ger
040 ## - Katalogisierungsquelle
Übertragungsstelle RU-10907106
003 - Kontrollnummer Identifier
Kontrollfeld RU-10907106
100 1# - Haupteintragung - Personenname
Personenname Duncker, Arne
245 00 - Titel
Titel Gleichheit und Ungleichheit in der Ehe :
Zusatz zum Titel persönliche Stellung von Frau und Mann im Recht der ehelichen Lebensgemeinschaft 1700 - 1914 /
Verfasserangabe etc. Arne Duncker
264 ## - Produktion, Veröffentlichung, Distribution, Herstellung und Urheberrechtsvermerk
Herstellungs-, Veröffentlichungs- Vertriebs-, Erzeugungsort Köln [u.a.] :
Produzent, Herausgeber, Distributor, Hersteller Böhlau,
Datum der Herstellung, der Veröffentlichung, des Vertriebs oder des Urheberschutzvermerks 2003
300 ## - Physische Beschreibung
Umfang XCVII, 1189 S.
490 #0 - Gesamttitelangabe
Gesamttitelangabe Rechtsgeschichte und Geschlechterforschung
Bandnummer/Folgebezeichnung 1
502 ## - Dissertationsvermerk
Dissertationsvermerk Zugl.: Hannover, Univ., Diss., 2001
650 #0 - Nebeneintragung unter einem Schlagwort - Sachschlagwort
Sachschlagwort oder geografischer Name als Eintragungselement Gender
650 #0 - Nebeneintragung unter einem Schlagwort - Sachschlagwort
Sachschlagwort oder geografischer Name als Eintragungselement Eherecht
650 #0 - Nebeneintragung unter einem Schlagwort - Sachschlagwort
Sachschlagwort oder geografischer Name als Eintragungselement Emanzipation
655 #0 - Indexierungsterm - Genre/Form
Genre/Form oder fokussierter Term Hochschulschrift
942 ## - Zusätzliche Felder (Koha)
Koha-Medientyp Monographien
Exemplare
Ausgeschieden Verloren Klassifikation oder Aufstellungssystematik Beschädigt Nicht entleihbar Heimatbibliothek Aufenthaltsbibliothek Aufstellungsort Erwerbungsdatum Inventarnummer Signatur Barcode Letzte Aktivität Preis gültig von Koha-Medientyp
    Andere/Generische Klassifikation     MWN Osteuropa MWN Osteuropa Lesesaal - 1 30/04/2008 08-01811 D 40 k Dun E0040150790E8AAB 22/02/2021 22/03/2021 Monographien